000 00857nmm a2200253 a 4500
001 ocm000701935
003 TR-IsHL
005 20201028142709.0
008 140104s2002 tu tur
007 cr cn
035 _a701935
_b(N$T)
050 0 4 _aHD9695.A7
_bK34 2002
090 0 4 _aHD9695.A7
_bK34 2002
245 1 0 _aKahverengi eşya sektör profil araştırması
_h[electronic resource] /
_chaz. Hilal Usta
260 _aİstanbul :
_bİstanbul Ticaret Odası,
_c2002
300 _a34 p.
650 4 _aEnerji
650 4 _aEnergy
650 0 _aElektronik cihazlar
_x Sektör araştırması
650 0 _aElectronic devices
_x Sector research
650 7 _aBUSINESS & ECONOMICS / Industries / Energy
_2bisacsh
700 1 _aUsta, Hilal
856 4 0 _uhttp://search.ebscohost.com/login.aspx?direct=true&scope=site&db=e011xww&AN=701935
999 _c8495
_d8495